| 000 | 00534nam a22001937a 4500 | ||
|---|---|---|---|
| 003 | dpl | ||
| 005 | 20180728162852.0 | ||
| 008 | 180728b xxu||||| |||| 00| 0 eng d | ||
| 020 |
_a8125909362 _c0.00 |
||
| 035 | _aB-061975 | ||
| 040 |
_aDPL _bEN _c0 |
||
| 082 | _a302.35 | ||
| 100 | _aMishra,M.N. | ||
| 245 |
_aOrganisational Behaviour / _cby M.N Mishra |
||
| 260 |
_aNew Delhi _bVikas Publishing House Pvt Ltd _c2001 |
||
| 300 |
_axv,482p.; _c21cm |
||
| 500 | _aincludes index | ||
| 942 |
_2ddc _cEN _h302.35 _mMIS |
||
| 999 |
_c155077 _d155077 |
||